[Event "Olympiad Women-42"]
[Site "Baku"]
[Date "2016.09.11"]
[Round "9.2"]
[White "Zengeni, Tatenda Melisa"]
[Black "Mbo, Mabedi"]
[Result "1/2-1/2"]
[WhiteElo "1649"]
[BlackElo "1531"]
[PlyCount "181"]
[EventDate "2016.09.02"]
[EventType "team-swiss"]
[EventRounds "11"]
[EventCountry "AZE"]
[SourceTitle "CBM 174 Extra"]
[Source "ChessBase"]
[SourceDate "2016.10.10"]
[SourceVersion "1"]
[SourceVersionDate "2016.10.10"]
[SourceQuality "1"]
[WhiteTeam "Zimbabwe (W)"]
[BlackTeam "Botswana (W)"]
[WhiteTeamCountry "ZIM"]
[BlackTeamCountry "BOT"]

1. d4 f5 2. e3 e6 3. c4 Nf6 4. Nc3 Be7 5. Nf3 0-0 6. Bd3 d6 7. 0-0 Bd7 8. e4 fxe4 9. Nxe4 d5 10. Nxf6+ Bxf6 11. Qc2 h6 12. Bh7+ Kh8 13. Ne5 Be8 14. Bf4 Nc6 15. Nxc6 Bxc6 16. Bg6 dxc4 17. Qxc4 Qxd4 18. Qxd4 Bxd4 19. Bxc7 Bxb2 20. Rab1 Bd4 21. Rbd1 e5 22. Rd2 Rac8 23. Ba5 b6 24. Bb4 Rf6 25. Bb1 a5 26. Ba3 Ba4 27. Be4 Rf4 28. Bb7 Rc7 29. Bf3 Kh7 30. Bb2 Rc2 31. Rxc2 Bxc2 32. Bc1 Rf6 33. Be3 Bxe3 34. fxe3 e4 35. Be2 Rxf1+ 36. Kxf1 Kg6 37. Bb5 Bb1 38. a3 Ba2 39. Kf2 Kf6 40. Kg3 Bb1 41. Kg4 Bd3 42. Bc6 b5 43. Kf4 g5+ 44. Kg4 Be2+ 45. Kg3 Ke5 46. Kf2 Bc4 47. Ke1 b4 48. axb4 axb4 49. Kd2 Bd3 50. Kc1 Kd6 51. Ba4 Kc5 52. Kb2 Bf1 53. g3 Kc4 54. Bc2 Bd3 55. Bb3+ Kb5 56. Bd5 Kc5 57. Bf7 Bc4 58. Bh5 Bd5 59. Be2 Kd6 60. Bd1 Ke5 61. Bb3 Bc6 62. Bc4 Kd6 63. Kb3 Kc5 64. Bf7 Bb5 65. Bg8 Bf1 66. Bf7 Bg2 67. Bg8 Bf3 68. Bf7 Bd1+ 69. Kb2 Kb5 70. Bd5 Bf3 71. Kb3 Kc5 72. Bf7 Bd1+ 73. Kb2 Ba4 74. Bg8 Kd6 75. Bf7 Ke7 76. Bd5 Kd6 77. Bxe4 Ke5 78. Bd3 Bc6 79. Kb3 Be4 80. Be2 Bg2 81. Bd3 Be4 82. Ba6 Bd5+ 83. Kxb4 Ke4 84. Kc5 Ba8 85. Bc8 Kxe3 86. Kd6 Kf3 87. Ke5 Kg2 88. Kf5 Kxh2 89. g4 Kg3 90. Kg6 Kf3 91. Kxh6 1/2-1/2

[Event "Olympiad Women-42"]
[Site "Baku"]
[Date "2016.09.02"]
[Round "1.34"]
[White "Mbo, Mabedi"]
[Black "Exler, Veronika"]
[Result "0-1"]
[WhiteElo "1531"]
[BlackElo "2220"]
[PlyCount "74"]
[EventDate "2016.09.02"]
[EventType "team-swiss"]
[EventRounds "11"]
[EventCountry "AZE"]
[SourceTitle "CBM 174 Extra"]
[Source "ChessBase"]
[SourceDate "2016.10.10"]
[SourceVersion "1"]
[SourceVersionDate "2016.10.10"]
[SourceQuality "1"]
[WhiteTeam "Botswana (W)"]
[BlackTeam "Austria (W)"]
[WhiteTeamCountry "BOT"]
[BlackTeamCountry "AUT"]

1. e4 e5 2. Nf3 Nc6 3. Bb5 Nf6 4. Nc3 Bd6 5. a3 0-0 6. Bc4 h6 7. 0-0 Re8 8. d3 Bf8 9. h3 d6 10. Be3 Be6 11. Nd5 Bxd5 12. exd5 Ne7 13. Bb5 c6 14. dxc6 bxc6 15. Bc4 d5 16. Ba2 Nf5 17. Bd2 Qb6 18. b4 e4 19. Nh2 e3 20. fxe3 Nxe3 21. Bxe3 Rxe3 22. Kh1 a5 23. c3 Qa6 24. Rf3 Rae8 25. Rxe3 Rxe3 26. Bb1 axb4 27. Qd2 d4 28. cxb4 Nd5 29. Nf1 Bxb4 30. Qb2 Re1 31. axb4 Rxf1+ 32. Kh2 Qb6 33. Qe2 Qb8+ 34. g3 Ne3 35. Qb2 Rf3 36. Ra2 Qxg3+ 37. Kh1 Rf1# 0-1